Современные направления эволюции менеджмента; Справочник. Инженерный журнал; № 5

Bibliografiske detaljer
Parent link:Справочник. Инженерный журнал: научно-технический и производственный журнал.— , 2000-.— 0203-347X
№ 5.— 2003.— С. 30-36
Hovedforfatter: Леншин И. А.
Sprog:russisk
Udgivet: 2003
Serier:Экономика
Fag:
Format: MixedMaterials Book Chapter
KOHA link:https://koha.lib.tpu.ru/cgi-bin/koha/opac-detail.pl?biblionumber=386687

MARC

LEADER 00000naa2a2200000 4500
001 386687
005 20231101063516.0
035 |a (RuTPU)RU\TPU\prd\15716 
090 |a 386687 
100 |a 20030627a2003 k y0rusy50 ca 
101 0 |a rus 
102 |a RU 
200 1 |a Современные направления эволюции менеджмента  |f И. А. Леншин 
225 1 |a Экономика 
320 |a Библиогр.: 13 назв. 
461 1 |0 (RuTPU)RU\TPU\prd\1723  |x 0203-347X  |t Справочник. Инженерный журнал  |o научно-технический и производственный журнал  |d 2000- 
463 1 |0 (RuTPU)RU\TPU\prd\15384  |t № 5  |v С. 30-36  |d 2003 
610 1 |a менеджмент 
700 1 |a Леншин  |b И. А. 
801 1 |a RU  |b 63413507  |c 20030627  |g PSBO 
801 2 |a RU  |b 63413507  |c 20140115  |g RCR 
942 |c BK